000 00604nam a2200205 i 4500
001 129625
003 ES-MaACL
005 20230906193535.0
007 t|
008 070627s1967 sp ||||1| spa d
080 _a329.18(430)
080 _a94(430)"1918/45"
100 1 _aThornton, Michael J.
_9110150
245 1 3 _aEl nazismo, 1918-1945 /
_cMichael Tornton ; [traducción de Javier González Pueyo].
250 _a[1ª ed.].
260 _aBarcelona :
_bOikos-Tau,
_c[1967]
300 _a192 p. ;
_c21 cm.
700 1 _aGonzález-Pueyo, Javier.
_958888
852 _aES-MaACL
_jC-33518
_bR.64030
999 _c129625
_d129625